000 01130naa a22003137a 4500
001 BR6010037
003 BR-BrBNA
005 20240918173138.0
007 ta
008 230509b bl.||||| |||| 00| 0 por d
040 _aBR-BrBNA
_bpor
_cBiblioteca Nacional de Agricultura
041 _a(Pt)
072 _aF00; E10
_b0590
_b8930
_b4600
_bG514
090 _aF00 BR6010037
100 1 _aSilva, R.A. da
111 1 _a1. Congresso Nacional de Pesca
_cRio de Janeiro, GB (Brazil)
_d4 Nov 1934
245 1 _a"Tucum" factor economico [Bactris acantocarpa; Astrocarium vulgare; Planta textil; Rede; Industrializacao; Brasil]
260 3 _aRio de Janeiro, GB (Brasil):
_c1938.
500 _aPrimeiro Congresso Nacional de Pesca Rio de Janeiro, GB (Brasil): 1938. p. 287-291 (BR6010037-AM)F00
650 _aProducao vegetal
650 _aMacroeconomia
650 _aTucum
650 _aFibra
650 _aRede
650 _aIndustrializacao
773 0 _tPrimeiro Congresso Nacional de Pesca
_b
_wF00 BR6010037
_gRio de Janeiro, GB (Brasil), 1938. p. 287-291
909 _a202404
_bLucia
_c55
_dLucia Elande
942 _cAM
_2AGRIS
999 _c303118
_d303118